Desafíos de la ley 7600 ante las nuevas tendencias de la educación inclusiva /

Se profundiza en la trayectoria histórica y en las perspectivas teóricas de la educación inclusiva, y se proponen algunos desafíos del cumplimiento de la Ley 7600 ante el contexto actual de la educación para todos en Costa Rica

Guardat en:
Dades bibliogràfiques
Autor principal: Moreira Mora, Tania Elena
Format: Text
Matèries:
Etiquetes: Afegir etiqueta
Sense etiquetes, Sigues el primer a etiquetar aquest registre!

MARC

LEADER 00000 a a2200000 04500
001 5540
003
040
100 |a Moreira Mora, Tania Elena  
245 |a Desafíos de la ley 7600 ante las nuevas tendencias de la educación inclusiva /  |c Tania Elena Moreira Mora 
520 |a Se profundiza en la trayectoria histórica y en las perspectivas teóricas de la educación inclusiva, y se proponen algunos desafíos del cumplimiento de la Ley 7600 ante el contexto actual de la educación para todos en Costa Rica  
650 |a OPORTUNIDADES DE EDUCACION  
650 |a LEGISLACION SOCIAL  
650 |a INCLUSION SOCIAL  
650 |a IGUALDAD DE OPORTUNIDADES  
650 |a DISCAPACIDAD  
650 |a COSTA RICA  
773 |g volumen 32, número 2; páginas 57-71  
999 |c 19918  |d 19918